[Event "FRA-chT2 South 0809"]
[Site "France"]
[Date "2009.04.05"]
[Round "11.6"]
[White "Berthelot, Nathan"]
[Black "Laurens, Julia"]
[Result "0-1"]
[WhiteElo "1828"]
[BlackElo "2001"]
[PlyCount "56"]
[EventDate "2008.10.12"]
[EventType "team-tourn"]
[EventRounds "11"]
[EventCountry "FRA"]
[SourceTitle "EXT 2010"]
[Source "ChessBase"]
[SourceDate "2010.11.25"]
[SourceVersion "1"]
[SourceVersionDate "2010.11.25"]
[SourceQuality "1"]
[WhiteTeam "Condom"]
[BlackTeam "Marseille Echecs II"]
[WhiteTeamCountry "FRA"]
[BlackTeamCountry "FRA"]

1. e4 c6 2. d4 d5 3. exd5 cxd5 4. Bd3 Nc6 5. c3 g6 6. Nf3 Bg7 7. 0-0 Nh6 8. Re1 0-0 9. Bf4 f6 10. Na3 a6 11. h3 b5 12. Nc2 Nf7 13. a4 bxa4 14. c4 dxc4 15. Bxc4 Na5 16. Be6 Bd7 17. Qe2 Bb5 18. Qe3 Kh8 19. d5 Nc4 20. Qc5 Nxb2 21. Bc7 Qe8 22. Nb4 Nd3 23. Nxd3 Bxd3 24. Nd4 f5 25. Rad1 Bb5 26. Nc6 Bf6 27. Ne5 Nxe5 28. Rxe5 Bd7 0-1

[Event "FRA-chT Top 12 (Women)"]
[Site "Vandoeuvre"]
[Date "2008.05.16"]
[Round "1"]
[White "Laurens, Julia"]
[Black "Richard, Emma"]
[Result "0-1"]
[WhiteElo "2004"]
[BlackElo "1985"]
[PlyCount "92"]
[EventDate "2008.05.16"]
[EventType "team"]
[EventRounds "5"]
[EventCountry "FRA"]
[SourceTitle "CBM 124 Extra"]
[Source "ChessBase"]
[SourceDate "2008.07.03"]
[SourceVersion "1"]
[SourceVersionDate "2008.07.03"]
[SourceQuality "1"]
[WhiteTeam "Marseille (W)"]
[BlackTeam "Mulhouse (W)"]
[WhiteTeamCountry "FRA"]
[BlackTeamCountry "FRA"]

1. d4 Nf6 2. c4 e6 3. Nc3 Bb4 4. f3 d5 5. Nh3 c5 6. cxd5 Nxd5 7. Bd2 cxd4 8. Nxd5 Bxd2+ 9. Qxd2 Qxd5 10. Nf4 Qd8 11. Rd1 e5 12. Nd3 Nc6 13. b4 a6 14. a4 Be6 15. b5 axb5 16. axb5 Ra2 17. Qc1 Qa5+ 18. Kf2 Qxb5 19. Nc5 Bc4 20. Ne4 Qd5 21. Nc3 Qe6 22. Nxa2 Bxa2 23. Qa3 Bd5 24. e4 dxe3+ 25. Kxe3 f5 26. Bb5 Kf7 27. Qc5 Ne7 28. Rhe1 Rc8 29. Qa7 Rc2 30. Re2 Rxe2+ 31. Bxe2 f4+ 32. Kf2 Nf5 33. Rc1 Ne3 34. Rc7+ Kg6 35. Bd3+ Kh6 36. Qb8 Qb6 37. Qh8 Nf5+ 38. Ke1 Qxc7 39. Bxf5 Qc1+ 40. Ke2 Bc4+ 41. Bd3 Qe3+ 42. Kd1 Bxd3 43. Qc8 Qe2+ 44. Kc1 Qe1+ 45. Kb2 Qb4+ 46. Ka2 Qc4+ 0-1

[Event "FRA-ch U18 Girls"]
[Site "Aix les Bains"]
[Date "2006.04.??"]
[Round "5"]
[White "Belloc, Sidonie"]
[Black "Laurens, Julia"]
[Result "0-1"]
[WhiteElo "1710"]
[BlackElo "2042"]
[PlyCount "50"]
[EventDate "2006.04.??"]
[EventType "swiss"]
[EventRounds "8"]
[EventCountry "FRA"]
[SourceTitle "EXT 2007"]
[Source "ChessBase"]
[SourceDate "2006.11.23"]
[SourceVersion "1"]
[SourceVersionDate "2006.11.23"]
[SourceQuality "1"]

1. e4 c6 2. d4 d5 3. exd5 cxd5 4. Bd3 Nc6 5. c3 Nf6 6. Bf4 Bg4 7. Qb3 Qc8 8. Nd2 e6 9. Ngf3 Be7 10. 0-0 0-0 11. Rfe1 Nh5 12. Bg5 f6 13. Bh4 Nf4 14. Bc2 b5 15. a3 Rb8 16. Bg3 g5 17. h3 Bh5 18. Bxf4 gxf4 19. Rac1 Kh8 20. Nh4 Rg8 21. Qa2 a5 22. Nb3 f5 23. Bd3 Bxh4 24. Nd2 f3 25. Bf1 f4 0-1

[Event "FRA-chT2C 0506"]
[Site "France"]
[Date "2006.03.12"]
[Round "9.9"]
[White "Laurens, Julia"]
[Black "Hulin, Jerome"]
[Result "1-0"]
[WhiteElo "2058"]
[BlackElo "2022"]
[PlyCount "54"]
[EventDate "2005.10.27"]
[EventType "team"]
[EventRounds "11"]
[EventCountry "FRA"]
[SourceTitle "EXT 2006"]
[Source "ChessBase"]
[SourceDate "2005.11.24"]
[SourceVersion "1"]
[SourceVersionDate "2005.11.24"]
[SourceQuality "1"]
[BlackTeam "Marseille Duchamps"]
[BlackTeamCountry "FRA"]

1. d4 Nf6 2. c4 g6 3. Nc3 d5 4. cxd5 Nxd5 5. e4 Nxc3 6. bxc3 c5 7. Bb5+ Bd7 8. a4 Bg7 9. Ne2 cxd4 10. cxd4 Nc6 11. Rb1 0-0 12. 0-0 b6 13. d5 Na5 14. Nd4 Bxb5 15. axb5 Bxd4 16. Qxd4 f6 17. Bh6 Re8 18. e5 Rc8 19. exf6 exf6 20. d6 Re5 21. Rfe1 Rc4 22. Qd3 Rcc5 23. Rxe5 Rxe5 24. d7 Re7 25. Qd5+ Kh8 26. Rd1 g5 27. g4 Rg7 1-0

[Event "Marseille op"]
[Site "Marseille"]
[Date "2005.06.??"]
[Round "7"]
[White "Laurens, Julia"]
[Black "Michna, Christian"]
[Result "0-1"]
[WhiteElo "2023"]
[BlackElo "2242"]
[PlyCount "52"]
[EventDate "2005.06.??"]
[EventType "swiss"]
[EventRounds "9"]
[EventCountry "FRA"]
[SourceTitle "EXT 2006"]
[Source "ChessBase"]
[SourceDate "2005.11.24"]
[SourceVersion "1"]
[SourceVersionDate "2005.11.24"]
[SourceQuality "1"]

1. d4 Nf6 2. c4 g6 3. Nc3 Bg7 4. e4 d6 5. f3 0-0 6. Bg5 c5 7. d5 h6 8. Be3 e6 9. Qd2 exd5 10. cxd5 h5 11. a4 Re8 12. Bb5 Nbd7 13. Nge2 a6 14. Bxd7 Bxd7 15. a5 b5 16. axb6 Qxb6 17. 0-0 Reb8 18. Rfb1 a5 19. Na4 Qa6 20. e5 Nxd5 21. exd6 Bxa4 22. Rxa4 Nxe3 23. Qxe3 Qxd6 24. b3 Qd5 25. Nc3 Qd4 26. Nd1 Qxa4 0-1

[Event "FRA-chT U20 0203"]
[Site "Clichy"]
[Date "2003.05.03"]
[Round "10.4"]
[White "Laurens, Julia"]
[Black "Steil Antoni, Fiona"]
[Result "1/2-1/2"]
[WhiteElo "1840"]
[BlackElo "1599"]
[PlyCount "51"]
[EventDate "2002.12.??"]
[EventType "team"]
[EventRounds "11"]
[EventCountry "FRA"]
[SourceTitle "EXT 2004"]
[Source "ChessBase"]
[SourceDate "2003.11.25"]
[SourceVersion "1"]
[SourceVersionDate "2003.11.25"]
[SourceQuality "1"]
[WhiteTeam "Cannes"]
[BlackTeam "Vandoeuvre"]
[WhiteTeamCountry "FRA"]
[BlackTeamCountry "FRA"]

1. d4 d5 2. c4 e6 3. Nc3 Be7 4. Nf3 Nf6 5. Bg5 Nbd7 6. e3 0-0 7. cxd5 exd5 8. Bd3 c6 9. Qc2 Re8 10. 0-0 Nf8 11. h3 Ne4 12. Bf4 f5 13. Ne5 Ne6 14. Bh2 Rf8 15. Ne2 Bf6 16. Rab1 Bxe5 17. Bxe5 h6 18. f3 Nd6 19. Bxd6 Qxd6 20. Bxf5 Ng5 21. Bxc8 Raxc8 22. Qd3 Rce8 23. Nf4 Rxf4 24. exf4 Qxf4 25. Rbe1 Nxh3+ 26. gxh3 1/2-1/2

[Event "FRA-chT U20 0203"]
[Site "Clichy"]
[Date "2003.01.04"]
[Round "6.3"]
[White "Laurens, Julia"]
[Black "Pottier, Alexandre"]
[Result "1-0"]
[WhiteElo "1890"]
[BlackElo "1820"]
[PlyCount "83"]
[EventDate "2002.12.??"]
[EventType "team"]
[EventRounds "11"]
[EventCountry "FRA"]
[SourceTitle "EXT 2004"]
[Source "ChessBase"]
[SourceDate "2003.11.25"]
[SourceVersion "1"]
[SourceVersionDate "2003.11.25"]
[SourceQuality "1"]
[WhiteTeam "Cannes"]
[BlackTeam "Paris NAO"]
[WhiteTeamCountry "FRA"]
[BlackTeamCountry "FRA"]

1. d4 d5 2. c4 e6 3. Nc3 Nf6 4. Bg5 Bb4 5. e3 Nbd7 6. cxd5 exd5 7. Bd3 c6 8. Nge2 0-0 9. 0-0 Qc7 10. Rc1 Be7 11. Bf4 Qd8 12. Qc2 Re8 13. Nb5 Rf8 14. Bc7 Qe8 15. Nd6 Bxd6 16. Bxd6 Nb6 17. Ng3 Be6 18. b3 Nc8 19. Bxf8 Qxf8 20. f3 Nd6 21. e4 dxe4 22. fxe4 Ng4 23. Rf3 Qd8 24. h3 Nh6 25. Qf2 Qd7 26. Nh5 Kh8 27. Rg3 Ne8 28. e5 Ng8 29. Bc4 Rd8 30. Rd1 b5 31. Bxe6 Qxe6 32. Nf4 Qe7 33. Rc3 Qb7 34. Qf3 Ne7 35. Rc5 Nc7 36. Nh5 Kg8 37. Rf1 Rf8 38. Qg4 Ng6 39. Qd7 Qb8 40. Rxc6 Ne6 41. Rxe6 fxe6 42. Qxg7# 1-0

[Event "FRA-ch U14 Girls"]
[Site "Le Grand Bornand"]
[Date "2003.??.??"]
[Round "5.2"]
[White "Blanchard, Jody"]
[Black "Laurens, Julia"]
[Result "0-1"]
[WhiteElo "1750"]
[BlackElo "1840"]
[PlyCount "46"]
[EventDate "2003.??.??"]
[EventType "swiss"]
[EventRounds "9"]
[EventCountry "FRA"]
[SourceTitle "EXT 2004"]
[Source "ChessBase"]
[SourceDate "2003.11.25"]
[SourceVersion "1"]
[SourceVersionDate "2003.11.25"]
[SourceQuality "1"]

1. d4 Nf6 2. c4 e6 3. Nc3 Bb4 4. Qc2 0-0 5. Nf3 c5 6. Bg5 b6 7. e4 cxd4 8. Nxd4 Bxc3+ 9. bxc3 d6 10. Nb5 a6 11. Bxf6 gxf6 12. Nd4 Nd7 13. Be2 Bb7 14. 0-0 Kh8 15. Rad1 Rg8 16. Nf3 Nc5 17. Nd2 f5 18. Bf3 Qg5 19. g3 fxe4 20. Nxe4 Qf4 21. Nxc5 Bxf3 22. Rd4 Qh6 23. Rd3 Qh5 0-1

[Event "FRA-ch U14 Girls"]
[Site "Le Grand Bornand"]
[Date "2003.??.??"]
[Round "4.3"]
[White "Laurens, Julia"]
[Black "Esposito, Julie"]
[Result "1-0"]
[WhiteElo "1840"]
[BlackElo "1600"]
[PlyCount "43"]
[EventDate "2003.??.??"]
[EventType "swiss"]
[EventRounds "9"]
[EventCountry "FRA"]
[SourceTitle "EXT 2004"]
[Source "ChessBase"]
[SourceDate "2003.11.25"]
[SourceVersion "1"]
[SourceVersionDate "2003.11.25"]
[SourceQuality "1"]

1. d4 Nf6 2. c4 g6 3. Nc3 Bg7 4. e4 0-0 5. e5 Ne8 6. f4 d6 7. Nf3 b6 8. Bd3 Bb7 9. 0-0 c5 10. d5 Nc7 11. Ne4 b5 12. b3 a5 13. Rb1 Nba6 14. a3 b4 15. a4 h6 16. Qe1 Nb8 17. Qh4 f5 18. Neg5 e6 19. Nxe6 Nxe6 20. dxe6 Bxf3 21. e7 g5 22. exd8Q 1-0

[Event "FRA-ch U14 Girls"]
[Site "Le Grand Bornand"]
[Date "2003.??.??"]
[Round "2.5"]
[White "Laurens, Julia"]
[Black "Pierret, Aralia"]
[Result "1-0"]
[WhiteElo "1840"]
[BlackElo "1620"]
[PlyCount "89"]
[EventDate "2003.??.??"]
[EventType "swiss"]
[EventRounds "9"]
[EventCountry "FRA"]
[SourceTitle "EXT 2004"]
[Source "ChessBase"]
[SourceDate "2003.11.25"]
[SourceVersion "1"]
[SourceVersionDate "2003.11.25"]
[SourceQuality "1"]

1. d4 d5 2. c4 c6 3. Nc3 Nf6 4. Nf3 dxc4 5. a4 Bf5 6. e3 e6 7. Bxc4 Bb4 8. 0-0 Be7 9. Re1 Nbd7 10. e4 Bg6 11. b3 0-0 12. Bb2 Qc7 13. Rc1 Rad8 14. Qe2 Nb6 15. d5 Nxc4 16. bxc4 Qc8 17. e5 Ne8 18. d6 Nxd6 19. exd6 Bxd6 20. Ne4 Bxe4 21. Qxe4 h6 22. Qg4 e5 23. Qxc8 Rxc8 24. c5 Bc7 25. Bxe5 Bxe5 26. Rxe5 Rfe8 27. Rxe8+ Rxe8 28. Re1 Rxe1+ 29. Nxe1 Kf8 30. Nc2 Ke7 31. Nd4 Kf6 32. f4 g5 33. g3 gxf4 34. gxf4 Kg6 35. Kf2 Kh5 36. Kg3 Kg6 37. a5 a6 38. f5+ Kg5 39. h4+ Kf6 40. Kf4 Ke7 41. Ke5 f6+ 42. Kf4 Kf7 43. Ne6 Ke7 44. Kg4 Kd7 45. Kh5 1-0

[Event "FRA-chT U20 0203"]
[Site "Clichy"]
[Date "2002.11.30"]
[Round "1.3"]
[White "Laurens, Julia"]
[Black "Huertas, Guillaume"]
[Result "1-0"]
[WhiteElo "1890"]
[BlackElo "1800"]
[PlyCount "57"]
[EventDate "2002.12.??"]
[EventType "team"]
[EventRounds "11"]
[EventCountry "FRA"]
[SourceTitle "EXT 2004"]
[Source "ChessBase"]
[SourceDate "2003.11.25"]
[SourceVersion "1"]
[SourceVersionDate "2003.11.25"]
[SourceQuality "1"]
[WhiteTeam "Cannes"]
[BlackTeam "Montpellier"]
[WhiteTeamCountry "FRA"]
[BlackTeamCountry "FRA"]

1. d4 Nf6 2. c4 g6 3. Nc3 Bg7 4. e4 d6 5. f4 0-0 6. Nf3 c5 7. d5 e6 8. Be2 exd5 9. cxd5 Re8 10. Nd2 Nbd7 11. 0-0 a6 12. a4 Nb6 13. Bf3 Bd7 14. Re1 Qc7 15. a5 Nc8 16. Nc4 Bb5 17. Qb3 Bxc4 18. Qxc4 b5 19. axb6 Nxb6 20. Qf1 c4 21. Be3 Reb8 22. Qf2 Nfd7 23. Ra2 Rc8 24. Rea1 Qb7 25. Ra5 Ra7 26. Nb5 axb5 27. Rxa7 Qb8 28. Bg4 Rd8 29. R1a6 1-0

[Event "FRA-chT 0102 U18"]
[Site "France"]
[Date "2002.05.09"]
[Round "9.4"]
[White "Laurens, Julia"]
[Black "Chiu, Alexandre"]
[Result "1-0"]
[WhiteElo "1790"]
[BlackElo "1850"]
[PlyCount "107"]
[EventDate "2001.10.??"]
[EventType "team"]
[EventRounds "11"]
[EventCountry "FRA"]
[SourceTitle "EXT 2003"]
[Source "ChessBase"]
[SourceDate "2002.11.25"]
[SourceVersion "1"]
[SourceVersionDate "2002.11.25"]
[SourceQuality "1"]
[WhiteTeam "Hyeres"]
[BlackTeam "Clichy"]
[WhiteTeamCountry "FRA"]
[BlackTeamCountry "FRA"]

1. d4 Nf6 2. c4 g6 3. f3 Bg7 4. e4 d6 5. Nc3 0-0 6. Be3 e5 7. d5 Nh5 8. Qd2 f5 9. 0-0-0 a6 10. exf5 gxf5 11. Bd3 Bd7 12. a3 Qe8 13. Nge2 b5 14. c5 dxc5 15. Bxc5 Rf6 16. h3 Bh6 17. Be3 f4 18. Bf2 Bf5 19. Bxf5 Rxf5 20. Ne4 Nf6 21. N2c3 Nbd7 22. Kb1 Nxe4 23. Nxe4 Nf6 24. d6 Nxe4 25. fxe4 Rf7 26. d7 Qd8 27. Bh4 Qxh4 28. d8Q+ Rxd8 29. Qxd8+ Qxd8 30. Rxd8+ Bf8 31. Rc1 Kg7 32. Ra8 Bd6 33. Rxa6 f3 34. gxf3 Rxf3 35. Rc3 Rf1+ 36. Rc1 Rf3 37. Ra5 Rxh3 38. Rxb5 Rf3 39. a4 Rf8 40. Rg1+ Kh8 41. b4 Ra8 42. Kc2 h6 43. Kb3 Kh7 44. a5 h5 45. Kc4 Kh6 46. Kd5 Ra6 47. Rb8 Kh7 48. Kc4 c5 49. Rb7+ Kh6 50. bxc5 Bf8 51. Rb6+ Rxb6 52. cxb6 Bd6 53. a6 h4 54. a7 1-0

[Event "FRA-ch U14 Girls"]
[Site "Hyeres"]
[Date "2002.??.??"]
[Round "6.3"]
[White "Magnin, Segolene"]
[Black "Laurens, Julia"]
[Result "0-1"]
[WhiteElo "1720"]
[BlackElo "1790"]
[PlyCount "74"]
[EventDate "2002.04.05"]
[EventType "swiss"]
[EventRounds "9"]
[EventCountry "FRA"]
[SourceTitle "EXT 2003"]
[Source "ChessBase"]
[SourceDate "2002.11.25"]
[SourceVersion "1"]
[SourceVersionDate "2002.11.25"]
[SourceQuality "1"]

1. d4 d5 2. c4 c6 3. Nc3 Nf6 4. e3 a6 5. c5 Bg4 6. f3 Bh5 7. Bd3 Nbd7 8. Nge2 e5 9. 0-0 Be7 10. b3 b6 11. b4 a5 12. b5 exd4 13. bxc6 Nb8 14. Bb5 0-0 15. cxb6 dxc3 16. c7 Qc8 17. cxb8Q Rxb8 18. Bd3 Rxb6 19. Qc2 Rc6 20. Qa4 Bc5 21. Qxa5 Bg6 22. Bxg6 hxg6 23. Nxc3 Bb6 24. Qb5 Re8 25. Kh1 d4 26. Na4 Qc7 27. exd4 Bxd4 28. Bb2 Re5 29. Qb4 Rc4 30. Qd2 Rxa4 31. Bxd4 Rd5 32. Qc3 Rc4 33. Bb6 Rxc3 34. Bxc7 Rxc7 35. a4 Ra5 36. Ra3 Rc4 37. Rb3 Rcxa4 0-1